Länder mit dem höchsten Anteil an Vegetariern (in %) - Statistiken

Allgemein
  • Dieses Quiz wurde 289 mal gespielt
  • Das Durchschnittsergebnis liegt bei 9 aus 14
Antwortstatistiken
Anteil Personen Kontinent Land % Korrekt
10% 8 Mio. Europa Deutschland
93%
38-45% 375 Mio. Asien Indien
90%
19-20% 25 Mio. Nordamerika Mexiko
88%
14% 29,26 Mio. Südamerika Brasilien
81%
12,1% 2,5 Mio. Ozeanien Australien
78%
10% 500 Tsd. Ozeanien Neuseeland
74%
10% 969 Tsd. Europa Schweden
73%
14,9% 9,95 Mio. Europa Vereinigtes Königreich
72%
12% 5,4 Mio. Südamerika Argentinien
65%
10% 880 Tsd. Europa Österreich
63%
10% 9 Mio. Asien Vietnam
58%
10% 280 Tsd. Nordamerika Jamaika
40%
13% 1,04 Mio. Asien Israel
33%
13-14% 3,29 Mio. Asien Taiwan
33%
Keine übereinstimmenden Quizze gefunden
Verteilung der Resultate
Anzahl Personen mit jedem Resultat
Perzentil nach korrekt beantworteten Fragen
Ihre Resultats-Entwicklung
Sie haben dieses Quiz noch nicht gespielt